000 00425nam a2200181Ia 4500
001 10119
005 20260306161808.0
008 260306t1994||||xx |||||||||||||| ||spa||
041 _aESP
082 _a900.11
_bB75
100 _aBosque, Joaquín
_eAUT
245 0 _aSistemas de información geográfica texto impreso
260 _c1994
300 _a
_c
650 _aGEN
654 _aCHU
942 _cLIB
_dJUS
_fJUS
_2ddc
_n
999 _c10119
_d10119